00385nam a2200169Ia 4500008004000000041000800040082001100048100001700059245003400076260004600110300000800156650000600164650000700170650001300177650001600190650000900206210210b1957 xxu||||| |||| 00| 0 eng d aeng a070/58 aSTOKOE (W J) aObservers book of butterflies aLondonbFrederick Warne and Companyc1957 a190 as aof aObserver abutterflies abook